Photovoltaic power generation

Producing electricity from the sun using photovoltaic (PV) systems has become a major industry worldwide. But designing, installing and maintaining such systems requires knowledge and training, and there have been few easily accessible, comprehensive guides to the subject.

Gespeichert in:
Bibliographische Detailangaben
1. Verfasser: Pulfrey, David L.
Format: Buch
Sprache:Undetermined
Veröffentlicht: New York Van Nostrand Reinhold Company 1978
Schlagworte:
Tags: Tag hinzufügen
Keine Tags, Fügen Sie den ersten Tag hinzu!
Thư viện lưu trữ: Trung tâm Học liệu Trường Đại học Cần Thơ
LEADER 00829nam a2200193Ia 4500
001 CTU_219653
008 210402s9999 xx 000 0 und d
082 |a 621.475 
082 |b P981 
100 |a Pulfrey, David L. 
245 0 |a Photovoltaic power generation 
245 0 |c David L. Pulfrey 
260 |a New York 
260 |b Van Nostrand Reinhold Company 
260 |c 1978 
520 |a Producing electricity from the sun using photovoltaic (PV) systems has become a major industry worldwide. But designing, installing and maintaining such systems requires knowledge and training, and there have been few easily accessible, comprehensive guides to the subject. 
650 |a Năng lượng quang điện,Photovoltaic power generation 
904 |i Trúc 
980 |a Trung tâm Học liệu Trường Đại học Cần Thơ